02031nam a2200337uu 4500001000800000005001700008007001000025008004100035035001200076040001300088041000800101080000600109082000800115100004600123245014700169260004300316300001300359520090600372650003901278650004101317650003801358650001901396650003201415650003501447700004401482700004101526700004301567856006601610502001001676526000701686129787020260508075348.0co|||||||120917s2012 spa  a1297870 ccomduadb aspa aG 4a33610aGiraldo González, Sebastián4auteaut10aAnálisis de la interacción entre las autoridades monetaria y fiscal en Colombia (1991-2011) : una aplicación desde la teoría de juegos aMedellín :b[sin publicador],c2012. a1 CD-ROM3 aEste trabajo considera las interacciones fiscales y monetarias en Colombia cuando la autoridad monetaria es más conservadora que la fiscal. Utilizando herramientas de teoría de juegos, se estudia el periodo 1991-2011 con el fin de analizar cómo los cambios institucionales en el manejo de los hacedores de política pueden afectar la función de bienestar social. El mejor resultado se obtiene cuando ambas autoridades siguen una regla. En cuanto a los juegos en dos etapas, cuando se presenta liderazgo de la autoridad monetaria, los resultados son menos deseables que cuando ambos agentes actúan de manera discrecional (equilibrio de Nash), debido a la influencia que tiene el gasto público sobre la inflación. El modelo utilizado parte de un escenario con una economía cerrada y en competencia monopolística, por lo que el mejor resultado posible es el denominado ¿second best¿. 7aPolítica fiscal zColombia2lemb 7aPolítica monetariazColombia2lemb aPolítica económica - Colombia aModelo de Nash 7aInflaciónzColombia2lemb 7aTeoría de los juegos2armarc10aTorres Gómez, Edwin Esteban4auteaut10aMuñoz Toro, Ana Cristina4auteaut10aLópez González, Mauricio4thseths4 uhttp://bibliotecadigital.udea.edu.co/dspace/handle/10495/3717 b62c9 a62